000 00511nam a22001577a 4500
008 160713b xxu||||| |||| 00| 0 eng d
020 _a0-9663705-0-3
082 _21999
_aDC 425.076
_bT71
100 _911258
_aTreadgold, S.E.
245 _aReading and writing basic English:
_bstudent workbook/
_cS. E. Treadgold.
260 _aSeattle, Washington:
_bNew Leaf ESL Materials,
_cc1999.
300 _a162 pages:
_billustrations;
_c28 cm.
650 0 _911261
_aReading
650 0 _911262
_aWriting
942 _2ddc
_cDC
999 _c3377
_d3377